Hōrei yōgo jiten / (Record no. 35145)

MARC details
000 -LEADER
fixed length control field 01232cam a2200337 a 4500
001 - CONTROL NUMBER
control field j 67001534
003 - CONTROL NUMBER IDENTIFIER
control field DLC
005 - DATE AND TIME OF LATEST TRANSACTION
control field 20260227111522.0
008 - FIXED-LENGTH DATA ELEMENTS--GENERAL INFORMATION
fixed length control field 050726s1966 ja d 001 0 jpn
010 ## - LIBRARY OF CONGRESS CONTROL NUMBER
LC control number j 67001534
035 ## - SYSTEM CONTROL NUMBER
System control number (CStRLIN)DCLP05-B15461
040 ## - CATALOGING SOURCE
Original cataloging agency DLC
Transcribing agency CarP
Modifying agency DLC
-- DLC-R
-- DLC
043 ## - GEOGRAPHIC AREA CODE
Geographic area code a-ja---
050 00 - LIBRARY OF CONGRESS CALL NUMBER
Classification number KNX26
Item number .H665 1966
066 ## - CHARACTER SETS PRESENT
Alternate G0 or G1 character set $1
245 00 - TITLE STATEMENT
Linkage 880-01
Title Hōrei yōgo jiten /
Statement of responsibility, etc. Satō Tatsuo, Hayashi Shūzō, Takatsuji Masami kyōhen.
250 ## - EDITION STATEMENT
Linkage 880-02
Edition statement Dai 4-ji zentei shinpan.
260 ## - PUBLICATION, DISTRIBUTION, ETC.
Linkage 880-03
Place of publication, distribution, etc. Tōkyō :
Name of publisher, distributor, etc. Gakuyō Shobō,
Date of publication, distribution, etc. Shōwa 41 [1966]
300 ## - PHYSICAL DESCRIPTION
Extent 632 p. ;
Dimensions 22 cm.
500 ## - GENERAL NOTE
General note Includes index.
650 #0 - SUBJECT ADDED ENTRY--TOPICAL TERM
Topical term or geographic name entry element Law
Geographic subdivision Japan
Form subdivision Dictionaries
General subdivision Japanese.
700 1# - ADDED ENTRY--PERSONAL NAME
Linkage 880-04
Personal name Satō, Tatsuo,
Dates associated with a name 1904-1974.
700 1# - ADDED ENTRY--PERSONAL NAME
Linkage 880-05
Personal name Hayashi, Shūzō,
Dates associated with a name 1910-1989.
700 1# - ADDED ENTRY--PERSONAL NAME
Linkage 880-06
Personal name Takatsuji, Masami,
Dates associated with a name 1910-1997.
880 00 - ALTERNATE GRAPHIC REPRESENTATION
Linkage 245-01/$1
a 法令用語辞典 /
c 佐藤逹夫, 林修三, 高辻正已共編.
880 ## - ALTERNATE GRAPHIC REPRESENTATION
Linkage 250-02/$1
a 第 4次全訂新版.
880 ## - ALTERNATE GRAPHIC REPRESENTATION
Linkage 260-03/$1
a 東京 :
b 学陽書房,
c 昭和 41 [1966]
880 1# - ALTERNATE GRAPHIC REPRESENTATION
Linkage 700-04/$1
a 佐藤逹夫,
d 1904-1974.
880 1# - ALTERNATE GRAPHIC REPRESENTATION
Linkage 700-05/$1
a 林修三,
d 1910-1989.
880 1# - ALTERNATE GRAPHIC REPRESENTATION
Linkage 700-06/$1
a 高辻正已,
d 1910-1997.

No items available.

Powered by Koha